| 000 | 01517cam a2200337 a 4500 | ||
|---|---|---|---|
| 999 |
_c232475 _d232475 |
||
| 001 | 13911988 | ||
| 003 | Nust | ||
| 005 | 20170218143918.0 | ||
| 008 | 050325s2005 nyu c 000 1 eng | ||
| 010 | _a 2005007971 | ||
| 020 | _a9780316701341 | ||
| 040 |
_aDLC _cDLC _dDLC |
||
| 042 | _alcac | ||
| 050 | 0 | 0 |
_aPZ7.H2527 _bInv 2005 |
| 082 | 0 | 0 |
_a823 _bHAR |
| 100 | 1 | _aHarrison, Lisi. | |
| 245 | 1 | 0 |
_aInvasion of the boy snatchers : _ba Clique novel / _cby Lisi Harrison. |
| 250 | _a1st ed. | ||
| 260 |
_aNew York : _bLittle, Brown, _c2005. |
||
| 300 |
_a252 p. ; _c20 cm. |
||
| 520 | _aFollowing Christmas break, the girls are back together, but everything seems different with the addition of Alicia's cousin from Spain who is spending the semester at Octavian Country Day School. | ||
| 650 | 1 |
_aFriendship _vFiction. |
|
| 650 | 1 |
_aCliques (Sociology) _vFiction. |
|
| 650 | 1 |
_aStudents, Foreign _vFiction. |
|
| 650 | 1 |
_aMiddle schools _vFiction. |
|
| 650 | 1 |
_aSchools _vFiction. |
|
| 651 | 1 |
_aWestchester County (N.Y.) _vFiction. |
|
| 856 | 4 | 2 |
_3Contributor biographical information _uhttp://www.loc.gov/catdir/enhancements/fy0742/2005007971-b.html |
| 856 | 4 | 2 |
_3Publisher description _uhttp://www.loc.gov/catdir/enhancements/fy1115/2005007971-d.html |
| 906 |
_a7 _bcbc _corignew _d1 _eecip _f20 _gy-gencatlg |
||
| 942 |
_2ddc _cBK |
||